Normal view
MARC view
Entry Personal Name
001 - CONTROL NUMBER
- control field: 12780
003 - CONTROL NUMBER IDENTIFIER
- control field: ARRUPE
005 - DATE AND TIME OF LATEST TRANSACTION
- control field: 20141120173737.0
008 - FIXED-LENGTH DATA ELEMENTS
- fixed length control field: 141120|| aca||aabn | a|a d
040 ## - CATALOGING SOURCE
- Original cataloging agency: ARRUPE
- Transcribing agency: ARRUPE
100 ## - HEADING--PERSONAL NAME
- Personal name: Woodall, G J
- Dates associated with a name: 2008
670 ## - SOURCE DATA FOUND
- Source citation: Work cat.: (ARRUPE): Woodall, G J 2008, Humanae vitae forty years on , 2008